[Event "Panevezys op-B 28th"]
[Site "Panevezys"]
[Date "2015.08.18"]
[Round "2"]
[White "Kirdeikis, Algimantas"]
[Black "Sabaliauskis, Martynas"]
[Result "1/2-1/2"]
[WhiteElo "1427"]
[BlackElo "1730"]
[PlyCount "91"]
[EventDate "2015.08.17"]
[EventType "swiss"]
[EventRounds "9"]
[EventCountry "LTU"]
[SourceTitle "EXT 2016"]
[Source "ChessBase"]
[SourceDate "2015.10.08"]
[SourceVersion "1"]
[SourceVersionDate "2015.10.08"]
[SourceQuality "1"]

1. e4 e6 2. Nf3 c5 3. Nc3 d5 4. Bb5+ Nc6 5. d4 a6 6. Bxc6+ bxc6 7. 0-0 Be7 8. Re1 Bb7 9. exd5 cxd5 10. Be3 c4 11. Ne5 Nf6 12. a3 Nd7 13. f4 0-0 14. Qg4 f5 15. Qe2 Nxe5 16. fxe5 Rb8 17. Rab1 Bc6 18. Rf1 Qa5 19. Bd2 Qb6 20. Qf2 Qa7 21. Ne2 Bb5 22. c3 Ba4 23. Nf4 Qd7 24. Be3 Rb3 25. Qg3 Kh8 26. Nh3 Rfb8 27. Bg5 Rxb2 28. Rxb2 Rxb2 29. Bxe7 Qxe7 30. Ng5 h6 31. Nh3 Be8 32. Nf4 g5 33. Qh3 gxf4 34. Qxh6+ Kg8 35. Rxf4 Qg7 36. Qxe6+ Kf8 37. Rxf5+ Bf7 38. Qd6+ Ke8 39. Qc6+ Kd8 40. Qa8+ Kc7 41. Qa7+ Rb7 42. Qc5+ Kb8 43. Qd6+ Ka7 44. Qc5+ Kb8 45. Qd6+ Ka7 46. Qc5+ 1/2-1/2

[Event "Panevezys op-B 28th"]
[Site "Panevezys"]
[Date "2015.08.17"]
[Round "1"]
[White "Sabaliauskis, Martynas"]
[Black "Zeimys, Vilmantas"]
[Result "0-1"]
[WhiteElo "1730"]
[BlackElo "1562"]
[PlyCount "104"]
[EventDate "2015.08.17"]
[EventType "swiss"]
[EventRounds "9"]
[EventCountry "LTU"]
[SourceTitle "EXT 2016"]
[Source "ChessBase"]
[SourceDate "2015.10.08"]
[SourceVersion "1"]
[SourceVersionDate "2015.10.08"]
[SourceQuality "1"]

1. Nf3 e6 2. d4 Nf6 3. c4 d5 4. Nc3 Be7 5. Bf4 a6 6. cxd5 exd5 7. e3 0-0 8. Bd3 b6 9. Rc1 Bd6 10. Bg5 Bb7 11. Qc2 Nbd7 12. Bxh7+ Kh8 13. Bf5 Qe8 14. Qe2 g6 15. Bxd7 Nxd7 16. Nd2 a5 17. Qg4 Kg7 18. Nb5 Rc8 19. Nxd6 cxd6 20. 0-0 Rh8 21. Bf4 Nf6 22. Qf3 Qe6 23. Bg5 Ne4 24. Nxe4 dxe4 25. Qg3 Qd7 26. Qf4 Qe6 27. Qg3 Qd7 28. Bf4 d5 29. Bc7 Qe6 30. Qe5+ Qxe5 31. Bxe5+ f6 32. Bc7 Ba6 33. Rfd1 a4 34. Bxb6 Bc4 35. b3 axb3 36. axb3 Bxb3 37. Rc5 Bc4 38. Ra1 Rb8 39. Bc7 Rb2 40. h3 Rh5 41. Ra7 Kh6 42. Rc6 Rf5 43. Bf4+ g5 44. g4 gxf4 45. gxf5 Kg5 46. Rf7 Rb1+ 47. Kh2 Rf1 48. exf4+ Kxf4 49. Kg2 Rd1 50. Rcxf6 Be2 51. f3 e3 52. Rg6 Bxf3+ 0-1

[Event "Plunge op 35th"]
[Site "Plateliai"]
[Date "2015.07.25"]
[Round "8"]
[White "Sabaliauskis, Martynas"]
[Black "Jurcius, Modestas"]
[Result "1-0"]
[WhiteElo "1734"]
[BlackElo "1492"]
[PlyCount "107"]
[EventDate "2015.07.20"]
[EventType "swiss"]
[EventRounds "9"]
[EventCountry "LTU"]
[SourceTitle "EXT 2018"]
[Source "ChessBase"]
[SourceDate "2017.10.13"]
[SourceVersion "1"]
[SourceVersionDate "2017.10.13"]
[SourceQuality "1"]

1. Nf3 d5 2. d4 Nf6 3. c4 e6 4. Nc3 Be7 5. Bf4 Nbd7 6. Nb5 Bb4+ 7. Nc3 0-0 8. e3 dxc4 9. Bxc4 Nd5 10. Bxd5 exd5 11. 0-0 c6 12. Qb3 Be7 13. Rac1 Nf6 14. h3 Nh5 15. Bh2 Bd6 16. Bxd6 Qxd6 17. Qd1 Qg6 18. Ne5 Qf5 19. g4 Qg5 20. Kh2 Nf6 21. f4 Qh4 22. Qf3 Nd7 23. Ne2 Nxe5 24. fxe5 f5 25. Qg3 Qg5 26. gxf5 Rxf5 27. Qxg5 Rxg5 28. Rf3 Rf5 29. Rcf1 Rxf3 30. Rxf3 Be6 31. Nf4 Rf8 32. Kg3 Bf5 33. Ne2 Be6 34. Rxf8+ Kxf8 35. Nf4 Bf5 36. h4 g6 37. Ne2 h5 38. Kf4 Bg4 39. Nc3 Be6 40. Kg5 Bf5 41. Ne2 Kf7 42. Nf4 Be4 43. b4 b6 44. e6+ Ke7 45. Nxg6+ Bxg6 46. Kxg6 Kxe6 47. a3 a5 48. bxa5 bxa5 49. a4 Kd6 50. Kxh5 c5 51. dxc5+ Kxc5 52. Kg5 d4 53. exd4+ Kxd4 54. h5 1-0

[Event "Plunge op 35th"]
[Site "Plateliai"]
[Date "2015.07.24"]
[Round "7"]
[White "Stremavicius, Pijus"]
[Black "Sabaliauskis, Martynas"]
[Result "1/2-1/2"]
[WhiteElo "1568"]
[BlackElo "1734"]
[PlyCount "72"]
[EventDate "2015.07.20"]
[EventType "swiss"]
[EventRounds "9"]
[EventCountry "LTU"]
[SourceTitle "EXT 2018"]
[Source "ChessBase"]
[SourceDate "2017.10.13"]
[SourceVersion "1"]
[SourceVersionDate "2017.10.13"]
[SourceQuality "1"]

1. Nf3 d5 2. c4 Nf6 3. cxd5 Nxd5 4. e4 Nb6 5. d4 e6 6. Bd3 c5 7. dxc5 Bxc5 8. 0-0 Nc6 9. a3 e5 10. b4 Bd4 11. Nxd4 Nxd4 12. Bb2 0-0 13. Nd2 Be6 14. Bxd4 Qxd4 15. Nb3 Bxb3 16. Qxb3 Rac8 17. Rac1 h6 18. Bb1 Rxc1 19. Rxc1 Rd8 20. h3 Qd2 21. Rf1 Rc8 22. Ba2 Qf4 23. g3 Qf6 24. Kg2 Qg6 25. Re1 Rd8 26. Re3 Re8 27. a4 Qc6 28. b5 Qd6 29. Rf3 Qg6 30. Re3 Qd6 31. a5 Nd7 32. Rd3 Qe7 33. Re3 Nf6 34. Bb1 Rc8 35. Rc3 Rd8 36. Qc2 Ne8 1/2-1/2

[Event "Plunge op 35th"]
[Site "Plateliai"]
[Date "2015.07.21"]
[Round "3"]
[White "Liutvinas, Rokas"]
[Black "Sabaliauskis, Martynas"]
[Result "0-1"]
[WhiteElo "1443"]
[BlackElo "1734"]
[PlyCount "100"]
[EventDate "2015.07.20"]
[EventType "swiss"]
[EventRounds "9"]
[EventCountry "LTU"]
[SourceTitle "EXT 2018"]
[Source "ChessBase"]
[SourceDate "2017.10.13"]
[SourceVersion "1"]
[SourceVersionDate "2017.10.13"]
[SourceQuality "1"]

1. e4 e6 2. d4 d5 3. Nc3 Bb4 4. e5 c5 5. a3 Bxc3+ 6. bxc3 Nc6 7. Nf3 Qa5 8. Bd2 Qa4 9. Be3 cxd4 10. Nxd4 Nxd4 11. cxd4 Ne7 12. Bg5 Nf5 13. c3 Qxd1+ 14. Rxd1 Bd7 15. Rb1 b6 16. Bb5 Rc8 17. Bxd7+ Kxd7 18. g4 Ne7 19. Bxe7 Kxe7 20. Kd2 f6 21. f4 Rc6 22. Rhe1 Rhc8 23. Re3 fxe5 24. fxe5 Rf8 25. Rc1 Rf4 26. h3 Rc8 27. Kc2 Rxd4 28. Kb3 Rf4 29. Rce1 Rcf8 30. Kb2 Rf2+ 31. R1e2 Rxe2+ 32. Rxe2 Rf3 33. Rh2 Re3 34. Kc2 Rxe5 35. Kd3 Re1 36. Kc2 Kd6 37. Rf2 Ke7 38. Kb2 Rh1 39. Rf3 e5 40. Rf5 Ke6 41. Rh5 h6 42. g5 hxg5 43. Rxg5 Kf6 44. Rh5 g5 45. Rh7 g4 46. Rxa7 g3 47. Ra6 g2 48. Rxb6+ Kf5 49. Rb5 g1Q 50. Rxd5 Qb1# 0-1

[Event "Plunge op 35th"]
[Site "Plateliai"]
[Date "2015.07.21"]
[Round "2"]
[White "Sabaliauskis, Martynas"]
[Black "Martinkus, Rolandas"]
[Result "0-1"]
[WhiteElo "1734"]
[BlackElo "2114"]
[PlyCount "82"]
[EventDate "2015.07.20"]
[EventType "swiss"]
[EventRounds "9"]
[EventCountry "LTU"]
[SourceTitle "EXT 2018"]
[Source "ChessBase"]
[SourceDate "2017.10.13"]
[SourceVersion "1"]
[SourceVersionDate "2017.10.13"]
[SourceQuality "1"]

1. d4 c5 2. Nf3 cxd4 3. Nxd4 d5 4. e3 e5 5. Nf3 Nc6 6. c4 Nf6 7. cxd5 Nxd5 8. e4 Bb4+ 9. Bd2 Bxd2+ 10. Qxd2 Nf4 11. Qxd8+ Kxd8 12. Nc3 Bg4 13. 0-0-0+ Ke7 14. Nd5+ Nxd5 15. Rxd5 Bxf3 16. gxf3 Rhd8 17. Bc4 Rac8 18. Kb1 f6 19. Rxd8 Rxd8 20. Bd5 Nb4 21. Rd1 Nxd5 22. exd5 Kd6 23. b4 Rc8 24. Rg1 g5 25. h4 h6 26. hxg5 hxg5 27. Rh1 Rc7 28. Rd1 Rc4 29. a3 Rd4 30. Rh1 Rxd5 31. Rh7 Rd3 32. Rxb7 Rxa3 33. Kb2 Kc6 34. Rf7 Rxf3 35. Rxa7 Rxf2+ 36. Kc3 g4 37. Kc4 Rf4+ 38. Kb3 g3 39. Ka4 g2 40. Rg7 Rf2 41. Rg3 e4 0-1

[Event "Klaipeda Sea op-B 11th"]
[Site "Klaipeda"]
[Date "2014.07.22"]
[Round "2"]
[White "Sabaliauskis, Martynas"]
[Black "Meskenas, Paulius"]
[Result "1-0"]
[WhiteElo "1720"]
[BlackElo "1298"]
[PlyCount "53"]
[EventDate "2014.07.21"]
[EventType "swiss"]
[EventRounds "7"]
[EventCountry "LTU"]
[SourceTitle "EXT 2016"]
[Source "ChessBase"]
[SourceDate "2015.10.08"]
[SourceVersion "1"]
[SourceVersionDate "2015.10.08"]
[SourceQuality "1"]

1. e4 e5 2. Nc3 Nc6 3. f4 exf4 4. Nf3 d6 5. d4 Bg4 6. Bxf4 Bxf3 7. gxf3 Be7 8. Bb5 Bh4+ 9. Ke2 a6 10. Ba4 b5 11. Nxb5 Nge7 12. Nc3 0-0 13. Qg1 Bf6 14. Be3 Rb8 15. Bb3 Rb4 16. Rd1 Qa8 17. f4 Nc8 18. e5 Be7 19. a3 Rb8 20. h4 a5 21. Qg4 Qa6+ 22. Kd2 Nb6 23. Rdg1 g6 24. h5 g5 25. fxg5 Nc4+ 26. Bxc4 Qxc4 27. g6 1-0

[Event "Plunge op 34th"]
[Site "Plateliai"]
[Date "2014.07.19"]
[Round "8"]
[White "Sabaliauskis, Martynas"]
[Black "Klabis, Rokas"]
[Result "0-1"]
[WhiteElo "1720"]
[BlackElo "2204"]
[PlyCount "70"]
[EventDate "2014.07.14"]
[EventType "swiss"]
[EventRounds "9"]
[EventCountry "LTU"]
[SourceTitle "EXT 2015"]
[Source "ChessBase"]
[SourceDate "2014.11.20"]
[SourceVersion "1"]
[SourceVersionDate "2014.11.20"]
[SourceQuality "1"]

1. Nf3 Nf6 2. g3 d5 3. Bg2 c6 4. 0-0 g6 5. d4 Bg7 6. c4 0-0 7. Nc3 dxc4 8. Ne5 Ng4 9. Nxg4 Bxg4 10. h3 Be6 11. e3 Na6 12. Ne2 Qc8 13. Nf4 Bd7 14. Kh2 e5 15. dxe5 Bxe5 16. Qc2 b5 17. Bd2 Re8 18. Ne2 Nc5 19. e4 Bg7 20. f4 Bf5 21. exf5 Rxe2 22. fxg6 Qd7 23. gxf7+ Kh8 24. Rad1 Qd5 25. Rg1 Rd8 26. f8Q+ Rxf8 27. Kh1 Qh5 28. Rde1 Ne4 29. g4 Nf2+ 30. Kh2 Nxg4+ 31. Kg3 Ne3 32. Qc1 Qg6+ 33. Kf3 Rxf4+ 34. Kxf4 Nxg2+ 35. Rxg2 Be5+ 0-1

[Event "Plunge op 34th"]
[Site "Plateliai"]
[Date "2014.07.15"]
[Round "3"]
[White "Laureckis, Aurimas"]
[Black "Sabaliauskis, Martynas"]
[Result "0-1"]
[WhiteElo "1555"]
[BlackElo "1720"]
[PlyCount "42"]
[EventDate "2014.07.14"]
[EventType "swiss"]
[EventRounds "9"]
[EventCountry "LTU"]
[SourceTitle "EXT 2015"]
[Source "ChessBase"]
[SourceDate "2014.11.20"]
[SourceVersion "1"]
[SourceVersionDate "2014.11.20"]
[SourceQuality "1"]

1. e4 e6 2. Nf3 d5 3. exd5 exd5 4. d4 Bd6 5. Nc3 Nf6 6. Bg5 c6 7. Bd3 0-0 8. 0-0 Bg4 9. h3 Bh5 10. Be2 Nbd7 11. Ne5 Bxe2 12. Qxe2 Re8 13. f4 Qb6 14. Qd3 c5 15. Nxd7 Nxd7 16. Nxd5 Qc6 17. dxc5 Nxc5 18. Qf3 Ne4 19. Ne3 Nxg5 20. fxg5 Rxe3 21. Qxf7+ Kh8 0-1

[Event "Palanga Baltija op-A"]
[Site "Palanga"]
[Date "2014.06.21"]
[Round "9"]
[White "Salna, Aleksandras"]
[Black "Sabaliauskis, Martynas"]
[Result "0-1"]
[WhiteElo "1709"]
[BlackElo "1747"]
[PlyCount "120"]
[EventDate "2014.06.16"]
[EventType "swiss"]
[EventRounds "9"]
[EventCountry "LTU"]
[SourceTitle "CBM 161 Extra"]
[Source "ChessBase"]
[SourceDate "2014.08.29"]
[SourceVersion "1"]
[SourceVersionDate "2014.08.29"]
[SourceQuality "1"]

1. d4 d5 2. Nf3 Nf6 3. c4 e6 4. Nc3 Be7 5. Bf4 0-0 6. h3 a6 7. e3 c5 8. Be2 dxc4 9. Bxc4 b5 10. Be2 Bb7 11. 0-0 Nbd7 12. Ne5 Nxe5 13. Bxe5 c4 14. Bf3 Bxf3 15. Qxf3 Nd5 16. Ne4 f5 17. Nc3 Nxc3 18. bxc3 Ba3 19. Rad1 Qd5 20. Qe2 a5 21. f3 Rac8 22. e4 fxe4 23. fxe4 Rxf1+ 24. Rxf1 Qd7 25. Rf3 Bf8 26. h4 b4 27. cxb4 axb4 28. h5 h6 29. Qc2 Be7 30. d5 Bg5 31. d6 Qa7+ 32. Kh1 c3 33. Qb3 Qd7 34. Rf2 Bd2 35. Qc2 Rc5 36. Bh2 Rxh5 37. Rxd2 cxd2 38. Qxd2 Rc5 39. Bg1 Rc4 40. Qd3 Rc1 41. Qd2 Rf1 42. Qe2 Ra1 43. Qb2 Rf1 44. Qe2 Rxg1+ 45. Kxg1 Qxd6 46. Qc4 Kh7 47. Kf2 e5 48. Ke3 Kg6 49. g3 Kf6 50. Qf1+ Ke7 51. Qf5 Qd4+ 52. Kf3 Qa1 53. Kg4 Qd1+ 54. Kh3 Qh1+ 55. Kg4 h5+ 56. Qxh5 Qxe4+ 57. Kg5 Qe3+ 58. Kf5 Qxg3 59. Ke4 Qf4+ 60. Kd5 Qf7+ 0-1

[Event "Palanga Baltija op-A"]
[Site "Palanga"]
[Date "2014.06.20"]
[Round "7"]
[White "Meskenaite, Rugile"]
[Black "Sabaliauskis, Martynas"]
[Result "1/2-1/2"]
[WhiteElo "1571"]
[BlackElo "1747"]
[PlyCount "24"]
[EventDate "2014.06.16"]
[EventType "swiss"]
[EventRounds "9"]
[EventCountry "LTU"]
[SourceTitle "CBM 161 Extra"]
[Source "ChessBase"]
[SourceDate "2014.08.29"]
[SourceVersion "1"]
[SourceVersionDate "2014.08.29"]
[SourceQuality "1"]

1. e4 e6 2. d4 d5 3. Nc3 Bb4 4. e5 c5 5. a3 Bxc3+ 6. bxc3 Nc6 7. Nf3 f6 8. Bb5 Bd7 9. Bxc6 Bxc6 10. 0-0 Qc7 11. Re1 Bd7 12. Bf4 f5 1/2-1/2

[Event "Baltic Amateur op"]
[Site "Vilnius"]
[Date "2014.03.09"]
[Round "2"]
[White "Sabaliauskis, Martynas"]
[Black "Pultinevicius, Paulius"]
[Result "0-1"]
[WhiteElo "1755"]
[BlackElo "1908"]
[PlyCount "56"]
[EventDate "2014.03.09"]
[EventType "swiss"]
[EventRounds "5"]
[EventCountry "LTU"]
[SourceTitle "CBM 159 Extra"]
[Source "ChessBase"]
[SourceDate "2014.04.24"]
[SourceVersion "1"]
[SourceVersionDate "2014.04.24"]
[SourceQuality "1"]

1. Nf3 c5 2. c4 Nc6 3. d4 cxd4 4. Nxd4 g6 5. Nc3 Bg7 6. e3 d6 7. Nxc6 bxc6 8. Qc2 Nf6 9. Bd3 0-0 10. 0-0 Rb8 11. a3 Nd7 12. b4 Ne5 13. f4 Nxd3 14. Qxd3 Bf5 15. Qd2 a5 16. e4 axb4 17. axb4 Qb6+ 18. Kh1 Qxb4 19. Ra3 Qxc4 20. Re1 Rb3 21. Rxb3 Qxb3 22. Nd1 Bg4 23. h3 Bxd1 24. Rxd1 Qc4 25. Qe3 Rb8 26. Bd2 Rb3 27. Qf2 Qxe4 28. Re1 Rb1 0-1

[Event "LTU-ch sf"]
[Site "Vilnius"]
[Date "2014.02.21"]
[Round "6"]
[White "Petraitis, Gintautas"]
[Black "Sabaliauskis, Martynas"]
[Result "1-0"]
[WhiteElo "1904"]
[BlackElo "1735"]
[PlyCount "53"]
[EventDate "2014.02.17"]
[EventType "swiss"]
[EventRounds "8"]
[EventCountry "LTU"]
[SourceTitle "CBM 158 Extra"]
[Source "ChessBase"]
[SourceDate "2014.02.28"]
[SourceVersion "1"]
[SourceVersionDate "2014.02.28"]
[SourceQuality "1"]

1. d4 d5 2. c4 e6 3. Nc3 Nf6 4. Bg5 Nbd7 5. e3 Be7 6. Nf3 0-0 7. Rc1 b6 8. cxd5 exd5 9. Bd3 Bb7 10. 0-0 h6 11. Bh4 c5 12. h3 c4 13. Bb1 a6 14. Ne5 g5 15. Bg3 b5 16. Nxd7 Qxd7 17. Be5 Kg7 18. f4 Rh8 19. fxg5 hxg5 20. Rf5 Rag8 21. Qf3 Qc6 22. Nxd5 Qe6 23. Rxf6 Bxf6 24. Qxf6+ Qxf6 25. Bxf6+ Kf8 26. Bxh8 Bxd5 27. Bf6 1-0

[Event "Klaipeda Sea op-B 10th"]
[Site "Klaipeda"]
[Date "2013.07.28"]
[Round "7"]
[White "Siugzdinis, Tautvydas"]
[Black "Sabaliauskis, Martynas"]
[Result "0-1"]
[WhiteElo "1237"]
[BlackElo "1724"]
[PlyCount "24"]
[EventDate "2013.07.22"]
[EventType "swiss"]
[EventRounds "7"]
[EventCountry "LTU"]
[SourceTitle "EXT 2015"]
[Source "ChessBase"]
[SourceDate "2014.11.20"]
[SourceVersion "1"]
[SourceVersionDate "2014.11.20"]
[SourceQuality "1"]

1. d4 d5 2. c4 e6 3. Nc3 Nf6 4. cxd5 Nxd5 5. e4 Nxc3 6. bxc3 c5 7. Ba3 Qa5 8. Bb2 cxd4 9. Qxd4 Nc6 10. Qd2 Bc5 11. Rd1 0-0 12. c4 Bb4 0-1

[Event "Klaipeda Sea op-B 10th"]
[Site "Klaipeda"]
[Date "2013.07.27"]
[Round "6"]
[White "Sabaliauskis, Martynas"]
[Black "Nikolajeva, Marija"]
[Result "1-0"]
[WhiteElo "1724"]
[BlackElo "1461"]
[PlyCount "131"]
[EventDate "2013.07.22"]
[EventType "swiss"]
[EventRounds "7"]
[EventCountry "LTU"]
[SourceTitle "EXT 2015"]
[Source "ChessBase"]
[SourceDate "2014.11.20"]
[SourceVersion "1"]
[SourceVersionDate "2014.11.20"]
[SourceQuality "1"]

1. Nf3 d5 2. d4 Nf6 3. c4 e6 4. Bg5 Be7 5. Nc3 Nbd7 6. e3 c6 7. Bd3 0-0 8. 0-0 Re8 9. Rc1 dxc4 10. Bxc4 Nd5 11. Bxe7 Qxe7 12. Bxd5 exd5 13. Qc2 Nf6 14. h3 Ne4 15. Nxe4 Qxe4 16. Qxe4 Rxe4 17. Rc5 Re7 18. b4 a6 19. Rfc1 f6 20. a4 Bd7 21. a5 Bf5 22. R5c3 Kf7 23. Nh4 Be4 24. f3 Bg6 25. Nxg6 Kxg6 26. Kf2 f5 27. g3 Kf6 28. h4 g6 29. R3c2 Rae8 30. Re2 Re6 31. Rce1 Kg7 32. Rh1 Kh6 33. Rhe1 Kg7 34. Kg2 Kf6 35. Kh3 Kg7 36. g4 Kh6 37. Kg3 Kg7 38. gxf5 gxf5 39. Kf4 Kf6 40. Rg2 h6 41. h5 Kf7 42. Rg3 Rf6 43. Reg1 Ke6 44. Rg7 Rf7 45. R1g6+ Ke7 46. Rxf7+ Kxf7 47. Rxh6 Kg7 48. Rg6+ Kh7 49. Rf6 Kg7 50. Rxf5 Re7 51. Re5 Rf7+ 52. Kg4 Kh7 53. f4 Kh6 54. Re6+ Kh7 55. h6 Rd7 56. f5 Rf7 57. Kg5 Kh8 58. Kg6 Rf8 59. f6 Rg8+ 60. Kh5 Rf8 61. Rd6 Rf7 62. Kg6 Rf8 63. Rd7 Rg8+ 64. Rg7 Rxg7+ 65. hxg7+ Kg8 66. f7# 1-0

[Event "Palanga op"]
[Site "Palanga"]
[Date "2013.06.19"]
[Round "4"]
[White "Valantiejus, Vaidotas"]
[Black "Sabaliauskis, Martynas"]
[Result "1-0"]
[WhiteElo "1973"]
[BlackElo "1688"]
[PlyCount "53"]
[EventDate "2013.06.17"]
[EventType "swiss"]
[EventRounds "9"]
[EventCountry "LTU"]
[SourceTitle "EXT 2014"]
[Source "ChessBase"]
[SourceDate "2013.11.20"]
[SourceVersion "1"]
[SourceVersionDate "2013.11.20"]
[SourceQuality "1"]

1. e4 e6 2. d4 d5 3. Nd2 dxe4 4. Nxe4 Nf6 5. Nxf6+ Qxf6 6. Nf3 h6 7. Bd3 Nd7 8. 0-0 Bd6 9. Qe2 c6 10. Re1 Qe7 11. c4 Nf6 12. Ne5 Bd7 13. Bf4 0-0-0 14. Bg3 Be8 15. c5 Bc7 16. Nc4 Bxg3 17. hxg3 Rxd4 18. Nd6+ Rxd6 19. cxd6 Qxd6 20. Red1 Nd5 21. Bc4 f5 22. a4 Bd7 23. Qd2 Qc5 24. Rac1 Kb8 25. Bxd5 Qxd5 26. Qc3 Qe4 27. Rxd7 1-0

[Event "Plunge op 32nd"]
[Site "Plunge"]
[Date "2012.07.21"]
[Round "8"]
[White "Sabaliauskis, Martynas"]
[Black "Zalimaite, Ieva"]
[Result "0-1"]
[WhiteElo "1668"]
[BlackElo "1909"]
[PlyCount "52"]
[EventDate "2012.07.16"]
[EventType "swiss"]
[EventRounds "9"]
[EventCountry "LTU"]
[SourceTitle "EXT 2013"]
[Source "ChessBase"]
[SourceDate "2012.11.22"]
[SourceVersion "1"]
[SourceVersionDate "2012.11.22"]
[SourceQuality "1"]

1. Nf3 d5 2. g3 Nc6 3. Bg2 e5 4. d3 Nf6 5. 0-0 h6 6. Nbd2 Bc5 7. e4 dxe4 8. Nxe4 Nxe4 9. dxe4 Qf6 10. Qd3 Bg4 11. h3 Bh5 12. Qb3 0-0 13. Be3 Bxe3 14. Qxe3 Rad8 15. c3 Rd6 16. Rfd1 Rfd8 17. Rxd6 Rxd6 18. Nh4 Qd8 19. Bf3 Bxf3 20. Nxf3 Rd3 21. Qe2 Qd6 22. Kh2 Na5 23. Nd4 Qa6 24. Nf5 Qc4 25. Ne3 Qxe4 26. Qc2 Rxe3 0-1

[Event "Plunge op 32nd"]
[Site "Plunge"]
[Date "2012.07.19"]
[Round "5"]
[White "Sciupokas, Arunas"]
[Black "Sabaliauskis, Martynas"]
[Result "1/2-1/2"]
[WhiteElo "1966"]
[BlackElo "1668"]
[PlyCount "92"]
[EventDate "2012.07.16"]
[EventType "swiss"]
[EventRounds "9"]
[EventCountry "LTU"]
[SourceTitle "EXT 2013"]
[Source "ChessBase"]
[SourceDate "2012.11.22"]
[SourceVersion "1"]
[SourceVersionDate "2012.11.22"]
[SourceQuality "1"]

1. e4 e6 2. d4 d5 3. Nd2 dxe4 4. Nxe4 Nf6 5. Bd3 Nbd7 6. Nf3 b6 7. Nxf6+ Nxf6 8. Bg5 Be7 9. Bxf6 Bxf6 10. Be4 Rb8 11. Qd3 h6 12. 0-0-0 0-0 13. Ne5 Qd6 14. f4 Bb7 15. g4 Rfd8 16. Bxb7 Rxb7 17. Qe4 Qd5 18. Qxd5 Rxd5 19. c4 Rd6 20. Rd3 Bxe5 21. fxe5 Rd7 22. Rhd1 c6 23. Kd2 Rb8 24. Ke3 Rbd8 25. Ke4 Kf8 26. b4 Ke7 27. a4 a6 28. R1d2 f6 29. d5 cxd5+ 30. cxd5 fxe5 31. Kxe5 Rxd5+ 32. Rxd5 Rxd5+ 33. Rxd5 exd5 34. Kxd5 Kd7 35. Ke5 Ke7 36. g5 hxg5 37. Kf5 Kf7 38. Kxg5 g6 39. h3 Kg7 40. a5 b5 41. Kf4 Kf7 42. Kg5 Kg7 43. Kg4 Kf7 44. Kf4 Ke6 45. Ke4 g5 46. Kd4 Kd6 1/2-1/2

[Event "Plunge op 32nd"]
[Site "Plunge"]
[Date "2012.07.16"]
[Round "1"]
[White "Narmontas, Matas"]
[Black "Sabaliauskis, Martynas"]
[Result "1-0"]
[WhiteElo "2415"]
[BlackElo "1668"]
[PlyCount "51"]
[EventDate "2012.07.16"]
[EventType "swiss"]
[EventRounds "9"]
[EventCountry "LTU"]
[SourceTitle "EXT 2013"]
[Source "ChessBase"]
[SourceDate "2012.11.22"]
[SourceVersion "1"]
[SourceVersionDate "2012.11.22"]
[SourceQuality "1"]

1. e4 c6 2. d4 d5 3. f3 e6 4. Nc3 dxe4 5. fxe4 Nf6 6. Nf3 Nbd7 7. Bd3 Bb4 8. a3 Bxc3+ 9. bxc3 h6 10. 0-0 b5 11. a4 Qc7 12. Ba3 a6 13. e5 Nd5 14. Bd6 Qb6 15. Qe1 Bb7 16. Kh1 c5 17. axb5 axb5 18. Rb1 b4 19. cxb4 cxd4 20. Qh4 Qd8 21. Qxd4 g5 22. Be4 Qb6 23. c4 Nf4 24. c5 Qb5 25. Bxb7 Qxb7 26. b5 1-0

[Event "Baltija Cup"]
[Site "Palanga"]
[Date "2012.06.23"]
[Round "8"]
[White "Ceponis, Tadas"]
[Black "Sabaliauskis, Martynas"]
[Result "1-0"]
[WhiteElo "1845"]
[BlackElo "1679"]
[PlyCount "51"]
[EventDate "2012.06.19"]
[EventType "swiss"]
[EventRounds "8"]
[EventCountry "LTU"]
[SourceTitle "CBM 149 Extra"]
[Source "ChessBase"]
[SourceDate "2012.08.24"]
[SourceVersion "1"]
[SourceVersionDate "2012.08.24"]
[SourceQuality "1"]

1. d4 d5 2. c4 c6 3. e3 Nf6 4. Nf3 e6 5. Nc3 Nbd7 6. Qc2 Bd6 7. Be2 dxc4 8. Bxc4 b5 9. Bd3 Bb7 10. 0-0 0-0 11. Kh1 Qc7 12. e4 e5 13. dxe5 Nxe5 14. Nxe5 Bxe5 15. f4 Bxc3 16. bxc3 h6 17. Bb2 a6 18. c4 bxc4 19. Qxc4 Nd7 20. Rf3 Nb6 21. Qb3 Kh8 22. Be5 Qd8 23. Rb1 Bc8 24. Qxb6 Be6 25. Qxc6 Bxa2 26. Qxh6+ 1-0